[Event "Sao Paulo STD U2200 op 2nd"]
[Site "Sao Paulo"]
[Date "2018.09.08"]
[Round "1"]
[White "Lima, Vinicius Taishun"]
[Black "Pritsopoulos, Constantino Demetri"]
[Result "0-1"]
[WhiteElo "1608"]
[BlackElo "1955"]
[PlyCount "72"]
[EventDate "2018.09.08"]
[EventType "swiss"]
[EventRounds "6"]
[EventCountry "BRA"]
[SourceTitle "EXT 2021"]
[Source "ChessBase"]
[SourceDate "2020.10.23"]
[SourceVersion "1"]
[SourceVersionDate "2020.10.23"]
[SourceQuality "1"]

1. e4 c5 2. Nf3 d6 3. d4 cxd4 4. Nxd4 Nf6 5. Nc3 g6 6. f4 Bg7 7. Nf3 0-0 8. Bd3 Nc6 9. 0-0 a6 10. Qe1 b5 11. f5 Bb7 12. Qh4 Rc8 13. fxg6 hxg6 14. Ng5 Re8 15. Nd5 Ne5 16. Bf4 Bxd5 17. exd5 Nxd3 18. cxd3 Qb6+ 19. Kh1 Qd4 20. Rf3 Rc2 21. Bg3 Qxh4 22. Bxh4 Rxb2 23. Re1 Rxa2 24. Nh3 Nxd5 25. Ng5 Bf6 26. g3 Rc8 27. Ne4 Bxh4 28. gxh4 Rcc2 29. Rg3 Rxh2+ 30. Kg1 Nf4 31. Ng5 Rhd2 32. Rf3 Nxd3 33. Rxe7 Ne5 34. Rf1 Rg2+ 35. Kh1 Rh2+ 36. Kg1 Rag2# 0-1

[Event "Sao Paulo ECP Etapa Sigismund Gansl"]
[Site "Sao Paulo"]
[Date "2018.05.18"]
[Round "2.5"]
[White "Pritsopoulos, Constantino Demetri"]
[Black "Martins, Andre Giacomazzi"]
[Result "1-0"]
[WhiteElo "1957"]
[BlackElo "1494"]
[PlyCount "55"]
[EventDate "2018.05.18"]
[EventType "swiss"]
[EventRounds "6"]
[EventCountry "BRA"]
[SourceTitle "EXT 2022"]
[Source "ChessBase"]
[SourceDate "2021.10.06"]
[SourceVersion "1"]
[SourceVersionDate "2021.10.06"]
[SourceQuality "1"]

1. e4 e6 2. d4 d5 3. Nc3 Nf6 4. Bg5 Nbd7 5. exd5 exd5 6. Nxd5 h6 7. Qe2+ Be7 8. Nxf6+ Nxf6 9. Bxf6 gxf6 10. 0-0-0 Qd5 11. Qb5+ Qxb5 12. Bxb5+ c6 13. Bc4 b5 14. Bb3 a5 15. a4 0-0 16. Nf3 Be6 17. d5 cxd5 18. axb5 Rab8 19. Bxd5 Rxb5 20. Bxe6 fxe6 21. Nd4 Rb6 22. Rhe1 e5 23. Nf5 Bb4 24. Re4 a4 25. Rd7 a3 26. Rg4+ Kh8 27. bxa3 Bxa3+ 28. Kd2 1-0

[Event "Florianopolis op 4th"]
[Site "Florianopolis"]
[Date "2018.01.22"]
[Round "6"]
[White "Pritsopoulos, Constantino Demetri"]
[Black "Raulino, Marcelo Juvenal"]
[Result "1-0"]
[WhiteElo "1989"]
[BlackElo "1594"]
[PlyCount "46"]
[EventDate "2018.01.19"]
[EventType "swiss"]
[EventRounds "10"]
[EventCountry "BRA"]
[SourceTitle "EXT 2019"]
[Source "ChessBase"]
[SourceDate "2018.10.10"]
[SourceVersion "1"]
[SourceVersionDate "2018.10.10"]
[SourceQuality "1"]

1. e4 d5 2. Nc3 d4 3. Nce2 Nc6 4. d3 e5 5. f4 Bb4+ 6. c3 Bc5 7. b4 Bd6 8. b5 exf4 9. bxc6 Qh4+ 10. Kd2 dxc3+ 11. Nxc3 Ne7 12. Nf3 Qf6 13. cxb7 Bxb7 14. Rb1 Bc6 15. Bb2 Qe6 16. Nd4 Qh6 17. Qf3 Be5 18. Ncb5 0-0 19. Ba3 Bxb5 20. Nxb5 Qa6 21. d4 Bxd4 22. Nxd4 Qa5+ 23. Qc3 Qh5 1-0

[Event "Florianopolis op 4th"]
[Site "Florianopolis"]
[Date "2018.01.21"]
[Round "4"]
[White "Pritsopoulos, Constantino Demetri"]
[Black "Abdalla, Umar Mohammad"]
[Result "1-0"]
[WhiteElo "1989"]
[BlackElo "1320"]
[PlyCount "69"]
[EventDate "2018.01.19"]
[EventType "swiss"]
[EventRounds "10"]
[EventCountry "BRA"]
[SourceTitle "CBM 182 Extra"]
[Source "ChessBase"]
[SourceDate "2018.02.23"]
[SourceVersion "1"]
[SourceVersionDate "2018.02.23"]
[SourceQuality "1"]

1. e4 e5 2. Nf3 Nc6 3. Bb5 Nf6 4. d3 d6 5. 0-0 Be7 6. h3 0-0 7. Be3 a6 8. Ba4 h6 9. c3 b5 10. Bc2 Bb7 11. d4 exd4 12. cxd4 Nb4 13. Nbd2 Nxc2 14. Qxc2 d5 15. e5 Ne4 16. Nxe4 dxe4 17. Nd2 f5 18. exf6 Bxf6 19. Nb3 Rc8 20. Nc5 Bd5 21. Nxa6 Bc4 22. Rfd1 Bd3 23. Qb3+ Bc4 24. Qc3 Be7 25. b3 Bd3 26. Nc5 Bxc5 27. Qxc5 c6 28. Rdc1 Qd7 29. Qh5 Rf5 30. Qg4 g5 31. Rc5 Rcf8 32. Rac1 Qf7 33. Rxf5 Qxf5 34. Qxf5 Rxf5 35. Rxc6 1-0

[Event "Sao Paulo SP ECP op 3rd"]
[Site "Sao Paulo"]
[Date "2017.11.18"]
[Round "3.2"]
[White "Pritsopoulos, Constantino Demetri"]
[Black "Van Riemsdijk, Dirk Dagobert"]
[Result "1-0"]
[WhiteElo "1994"]
[BlackElo "2014"]
[PlyCount "61"]
[EventDate "2017.11.17"]
[EventType "swiss"]
[EventRounds "6"]
[EventCountry "BRA"]
[SourceTitle "EXT 2022"]
[Source "ChessBase"]
[SourceDate "2021.10.06"]
[SourceVersion "1"]
[SourceVersionDate "2021.10.06"]
[SourceQuality "1"]

1. e4 c6 2. c4 e5 3. d4 Nf6 4. Qd3 Bb4+ 5. Bd2 Bxd2+ 6. Nxd2 exd4 7. Qxd4 0-0 8. Be2 c5 9. Qxc5 Re8 10. e5 Na6 11. Qd4 Qe7 12. exf6 gxf6 13. 0-0-0 Nb4 14. Bf3 d5 15. c5 a5 16. a3 Bf5 17. axb4 axb4 18. Nb3 Ra4 19. Ne2 Rc8 20. g4 Bg6 21. Nf4 Ra1+ 22. Kd2 Rxd1+ 23. Rxd1 Be4 24. Nxd5 Bxd5 25. Bxd5 Qc7 26. g5 Qxh2 27. gxf6 Qh6+ 28. Kc2 b6 29. Bxf7+ Kxf7 30. Qd7+ Kg8 31. Rg1+ 1-0

[Event "Sao Paulo SP ECP op 3rd"]
[Site "Sao Paulo"]
[Date "2017.11.17"]
[Round "1.3"]
[White "Pritsopoulos, Constantino Demetri"]
[Black "Castro Vasconcelos, Jairo Sergio"]
[Result "1-0"]
[WhiteElo "1994"]
[BlackElo "1585"]
[PlyCount "93"]
[EventDate "2017.11.17"]
[EventType "swiss"]
[EventRounds "6"]
[EventCountry "BRA"]
[SourceTitle "EXT 2022"]
[Source "ChessBase"]
[SourceDate "2021.10.06"]
[SourceVersion "1"]
[SourceVersionDate "2021.10.06"]
[SourceQuality "1"]

1. e4 e5 2. Nf3 Nc6 3. Bb5 a6 4. Bxc6 dxc6 5. d4 exd4 6. Qxd4 Bg4 7. Qxd8+ Rxd8 8. Bg5 Be7 9. Bxe7 Nxe7 10. Nbd2 0-0 11. 0-0-0 Ng6 12. h3 Bxf3 13. Nxf3 Rfe8 14. Rxd8 Rxd8 15. g3 f6 16. Rd1 Rd6 17. Re1 Ne5 18. Nxe5 fxe5 19. Rd1 Kf7 20. Rd3 Ke7 21. h4 Rf6 22. Rd2 b6 23. Kd1 c5 24. Ke2 c4 25. c3 g6 26. Ke3 h6 27. Rd5 Re6 28. f4 exf4+ 29. gxf4 Rc6 30. h5 gxh5 31. Rxh5 Rg6 32. Rh2 c5 33. e5 b5 34. Ke4 b4 35. Kd5 bxc3 36. bxc3 Rg3 37. Rxh6 Rxc3 38. f5 Rd3+ 39. Kxc4 Rf3 40. Rh7+ Kf8 41. f6 Rf5 42. Kd5 c4 43. Ke6 Rg5 44. Rh8+ Rg8 45. Rxg8+ Kxg8 46. f7+ Kf8 47. Kf6 1-0

[Event "Sao Paulo op-B U2050 6th"]
[Site "Sao Paulo"]
[Date "2017.04.14"]
[Round "2"]
[White "Pritsopoulos, Constantino Demetri"]
[Black "Jenidarchiche, Douglas Rodrigo"]
[Result "0-1"]
[WhiteElo "1989"]
[BlackElo "1843"]
[PlyCount "102"]
[EventDate "2017.04.14"]
[EventType "swiss"]
[EventRounds "6"]
[EventCountry "BRA"]
[SourceTitle "EXT 2019"]
[Source "ChessBase"]
[SourceDate "2018.10.10"]
[SourceVersion "1"]
[SourceVersionDate "2018.10.10"]
[SourceQuality "1"]

1. e4 c5 2. Nf3 Nc6 3. Bb5 g6 4. 0-0 Bg7 5. Bxc6 dxc6 6. d3 e5 7. Be3 b6 8. Nbd2 Nh6 9. Nc4 f6 10. h3 Be6 11. b3 0-0 12. Qe2 Qd7 13. Rad1 Rad8 14. Nh2 g5 15. h4 g4 16. Bxh6 Bxh6 17. Ne3 Bxe3 18. Qxe3 Kh8 19. Kh1 Rg8 20. Rg1 Qd4 21. g3 Qb2 22. Qe2 Rg7 23. Rb1 Qxa2 24. Ra1 Qb2 25. Ra4 Rd4 26. Raa1 b5 27. Rgb1 Qc3 28. Ra6 Rd6 29. Kg2 Bc8 30. Ra2 a6 31. Nf1 Rg8 32. Ne3 Rdd8 33. Rba1 Qd4 34. Nf5 Qd7 35. Qe3 c4 36. bxc4 bxc4 37. dxc4 Qd2 38. c3 Qxe3 39. Nxe3 Rd3 40. Rb1 Rxc3 41. Rb6 Rd8 42. Rxc6 Bb7 43. Rxf6 Bxe4+ 44. Kh2 Rc1 45. f3 Bxf3 46. Rxf3 gxf3 47. g4 Re1 48. Ra3 Rd2+ 49. Kg3 f2 50. Rxa6 Rxe3+ 51. Kg2 Re1 0-1

[Event "Sao Paulo Interclubs Paulista"]
[Site "Sao Paulo"]
[Date "2017.03.04"]
[Round "1.4"]
[White "Madeira, Wagner Martins"]
[Black "Pritsopoulos, Constantino Demetri"]
[Result "1-0"]
[WhiteElo "2224"]
[BlackElo "2061"]
[PlyCount "69"]
[EventDate "2017.03.04"]
[EventType "team-tourn"]
[EventRounds "7"]
[EventCountry "BRA"]
[SourceTitle "CBM 177 Extra"]
[Source "ChessBase"]
[SourceDate "2017.04.27"]
[SourceVersion "1"]
[SourceVersionDate "2017.04.27"]
[SourceQuality "1"]
[WhiteTeam "Osasco"]
[BlackTeam "Sao Jose FIP"]
[WhiteTeamCountry "BRA"]
[BlackTeamCountry "BRA"]

1. e4 d6 2. d4 Nf6 3. Nc3 c6 4. a4 Qc7 5. Be2 e5 6. Nf3 Bg4 7. 0-0 Be7 8. h3 Bxf3 9. Bxf3 Nbd7 10. Be3 0-0 11. g3 Rfe8 12. Bg2 Bf8 13. f4 Rad8 14. Qf3 Nb6 15. b3 Qe7 16. a5 Nc8 17. g4 Nd7 18. g5 exf4 19. Qxf4 a6 20. Rf3 f6 21. Qg3 g6 22. gxf6 Nxf6 23. Bg5 Bg7 24. Qh4 Rf8 25. Raf1 Rf7 26. Bxf6 Bxf6 27. Rxf6 Rdf8 28. Rxf7 Qxh4 29. Rxf8+ Kg7 30. Rxc8 Qg5 31. Nd1 Qxa5 32. Rcf8 c5 33. R8f7+ Kh6 34. e5 cxd4 35. e6 1-0

[Event "Ilha Comprida Cabeca Memorial U2200"]
[Site "Ilha Comprida"]
[Date "2016.08.21"]
[Round "5.9"]
[White "Kikuchi Cadilhac, Mariana Sawae"]
[Black "Pritsopoulos, Constantino Demetri"]
[Result "0-1"]
[WhiteElo "1530"]
[BlackElo "1984"]
[PlyCount "62"]
[EventDate "2016.08.20"]
[EventType "swiss"]
[EventRounds "6"]
[EventCountry "BRA"]
[SourceTitle "EXT 2022"]
[Source "ChessBase"]
[SourceDate "2021.10.06"]
[SourceVersion "1"]
[SourceVersionDate "2021.10.06"]
[SourceQuality "1"]

1. e4 e6 2. d4 d5 3. Nc3 Bb4 4. e5 c5 5. f4 cxd4 6. Qxd4 Nc6 7. Bb5 Qa5 8. Bxc6+ bxc6 9. Bd2 Ne7 10. g4 h5 11. g5 Nf5 12. Qf2 Ba6 13. Nf3 Bc5 14. Qg2 Ne3 15. Bxe3 Bxe3 16. g6 f6 17. exf6 gxf6 18. g7 Rg8 19. h4 Kf7 20. Qh3 Rxg7 21. Ne5+ fxe5 22. Qxe3 d4 23. Qf3 e4 24. Qxe4 dxc3 25. b4 Qd5 26. Qxd5 cxd5 27. a4 Rag8 28. b5 Bb7 29. Ra3 d4 30. Rf1 Be4 31. Ra2 Rg2 0-1

[Event "Ilha Comprida Cabeca Memorial U2200"]
[Site "Ilha Comprida"]
[Date "2016.08.20"]
[Round "3.1"]
[White "Caldeira, Adriano"]
[Black "Pritsopoulos, Constantino Demetri"]
[Result "1-0"]
[WhiteElo "2191"]
[BlackElo "1984"]
[PlyCount "65"]
[EventDate "2016.08.20"]
[EventType "swiss"]
[EventRounds "6"]
[EventCountry "BRA"]
[SourceTitle "EXT 2022"]
[Source "ChessBase"]
[SourceDate "2021.10.06"]
[SourceVersion "1"]
[SourceVersionDate "2021.10.06"]
[SourceQuality "1"]

1. e4 d6 2. d4 Nf6 3. Nc3 e5 4. Nf3 Nbd7 5. Be2 Be7 6. h3 c6 7. a4 b6 8. d5 cxd5 9. Nxd5 Nxe4 10. Nxe7 Qxe7 11. Qd5 Rb8 12. Qxe4 Bb7 13. Qg4 0-0 14. Nh4 f5 15. Qg5 Qe6 16. 0-0 h6 17. Qh5 Rf7 18. Rd1 Kh7 19. Rxd6 Qxd6 20. Qxf7 Rf8 21. Qc4 e4 22. g3 g5 23. Ng2 Ne5 24. Qb3 Nf3+ 25. Kh1 Nd4 26. Qc4 f4 27. gxf4 gxf4 28. Bg4 e3 29. Qd3+ Kh8 30. b3 Qd5 31. f3 e2 32. Bb2 Rd8 33. Nxf4 1-0

[Event "Ilha Comprida Cabeca Memorial U2200"]
[Site "Ilha Comprida"]
[Date "2016.08.20"]
[Round "2.6"]
[White "Pritsopoulos, Constantino Demetri"]
[Black "Cabeca, Renato Aparecido Da"]
[Result "1-0"]
[WhiteElo "1984"]
[BlackElo "1611"]
[PlyCount "87"]
[EventDate "2016.08.20"]
[EventType "swiss"]
[EventRounds "6"]
[EventCountry "BRA"]
[SourceTitle "EXT 2022"]
[Source "ChessBase"]
[SourceDate "2021.10.06"]
[SourceVersion "1"]
[SourceVersionDate "2021.10.06"]
[SourceQuality "1"]

1. e4 c5 2. Nf3 d6 3. d4 cxd4 4. Qxd4 Nc6 5. Bb5 Bd7 6. Bxc6 Bxc6 7. Nc3 e5 8. Qd3 Nf6 9. Bg5 Be7 10. 0-0-0 0-0 11. Bxf6 Bxf6 12. Qxd6 Qb6 13. Qd2 h6 14. Rhe1 Rac8 15. Kb1 Rfe8 16. Qe3 Qa5 17. Nd5 Bxd5 18. Rxd5 Qa4 19. Qb3 Qc6 20. Red1 Rc7 21. c3 a6 22. Ne1 b6 23. f3 a5 24. Rd6 Qc5 25. Qxb6 Rec8 26. Qxc5 Rxc5 27. R6d5 a4 28. Rxc5 Rxc5 29. Rd5 Rc4 30. Kc2 Rc8 31. Nd3 a3 32. b3 Re8 33. Ra5 Be7 34. Nxe5 Bd6 35. Nc4 Bxh2 36. Nxa3 Bf4 37. Nc4 Re6 38. Rf5 g5 39. a4 h5 40. b4 h4 41. b5 h3 42. gxh3 Rh6 43. b6 Rxh3 44. Rxf4 1-0

[Event "Sao Paulo Karman Cup 9th"]
[Site "Sao Paulo"]
[Date "2016.08.06"]
[Round "4"]
[White "Pritsopoulos, Constantino Demetri"]
[Black "Khaje Hesamedini, Ali"]
[Result "1/2-1/2"]
[WhiteElo "1984"]
[BlackElo "2249"]
[PlyCount "221"]
[EventDate "2016.08.05"]
[EventType "swiss"]
[EventRounds "6"]
[EventCountry "BRA"]
[SourceTitle "CBM 174 Extra"]
[Source "ChessBase"]
[SourceDate "2016.10.10"]
[SourceVersion "1"]
[SourceVersionDate "2016.10.10"]
[SourceQuality "1"]

1. e4 c5 2. Nf3 d6 3. d4 cxd4 4. Qxd4 a6 5. Be3 Nf6 6. Nc3 b5 7. Nd5 Bb7 8. Nxf6+ gxf6 9. a4 Nc6 10. Qd2 Rg8 11. axb5 axb5 12. Rxa8 Qxa8 13. Bxb5 Qa1+ 14. Ke2 Qxb2 15. Nd4 e5 16. Nb3 Kd8 17. Bb6+ Kc8 18. Qd3 Be7 19. Qc4 Kb8 20. Ra1 Rc8 21. Qa4 Qxc2+ 22. Kf1 Qb2 23. Rc1 Bd8 24. Be3 Nd4 25. Rxc8+ Kxc8 26. Nxd4 exd4 27. Bxd4 Qb1+ 28. Ke2 Qxe4+ 29. Be3 Qxa4 30. Bxa4 Bxg2 31. Bb3 Bh3 32. Bxf7 Kd7 33. Bd5 Bf5 34. Kf3 Ba5 35. Kf4 Bg6 36. Bd4 Bd2+ 37. Kg3 Ke7 38. f4 Bf5 39. Kf3 Bb4 40. Be3 Bc5 41. Bd2 Bd4 42. Kg3 Be6 43. Be4 f5 44. Bc2 Kf6 45. Ba5 Bd5 46. Bd8+ Kg6 47. h4 Be6 48. Ba4 Kf7 49. Ba5 Ke7 50. Bc2 Bb2 51. Bd2 Bd4 52. Ba4 Bd5 53. Ba5 Bf6 54. Bc7 Bd4 55. Ba5 Bc5 56. Bc3 Be4 57. Bb3 d5 58. Bd2 Bd4 59. Ba4 Bc5 60. Bd1 Kf7 61. Be1 Be3 62. h5 d4 63. Bb3+ Kf6 64. Ba5 d3 65. Bc3+ Ke7 66. Bb4+ Ke8 67. Be1 Bd4 68. Bd1 Bd5 69. Kh4 Bf6+ 70. Kg3 Bd4 71. Kh4 Bf6+ 72. Kg3 Bd4 73. Kh4 h6 74. Kg3 Kd7 75. Bb4 Bg7 76. Kf2 Bd4+ 77. Kg3 Ba2 78. Kf3 Bb1 79. Bb3 Bc2 80. Bc4 Ke8 81. Be6 Bd1+ 82. Kg2 Bg4 83. Bd2 Ke7 84. Bc4 Be2 85. Ba6 Kd7 86. Bb4 Ke8 87. Bd2 Kf8 88. Bb4+ Kg8 89. Bd2 Kg7 90. Bc4 Bxh5 91. Bxd3 Bd1 92. Kg3 Bb3 93. Be1 Bd5 94. Bd2 Kg6 95. Be2 Bb6 96. Bf3 Be4 97. Bd1 Bd3 98. Bc3 Be3 99. Be5 Bd2 100. Kf2 h5 101. Ba4 h4 102. Be8+ Kh6 103. Bf6 h3 104. Kg3 Bf1 105. Bg5+ Kg7 106. Bd7 Be1+ 107. Kh2 Bd2 108. Kg3 Be1+ 109. Kh2 Kg6 110. Be8+ Kg7 111. Bd7 1/2-1/2

[Event "Nova Odessa Regional 9th"]
[Site "Nova Odessa"]
[Date "2016.01.30"]
[Round "1"]
[White "Pritsopoulos, Constantino Demetri"]
[Black "Fritsch, Evans"]
[Result "1-0"]
[WhiteElo "1934"]
[BlackElo "1611"]
[PlyCount "43"]
[EventDate "2016.01.30"]
[EventType "swiss"]
[EventRounds "5"]
[EventCountry "BRA"]
[SourceTitle "EXT 2017"]
[Source "ChessBase"]
[SourceDate "2016.10.25"]
[SourceVersion "1"]
[SourceVersionDate "2016.10.25"]
[SourceQuality "1"]

1. e4 c5 2. Nf3 e6 3. b3 Nc6 4. Bb2 Nge7 5. g3 Qc7 6. Bg2 d5 7. exd5 exd5 8. 0-0 Bf5 9. Nh4 Be6 10. f4 Nf5 11. Nxf5 Bxf5 12. Re1+ Ne7 13. Bxd5 Qb6 14. Na3 c4+ 15. Kg2 cxb3 16. axb3 Rd8 17. Nc4 Qc7 18. Be5 Bh3+ 19. Kh1 Qc5 20. Bxf7+ Kd7 21. Qf3 b5 22. Qb7+ 1-0

[Event "Sao Paulo Hebraica op 23rd"]
[Site "Sao Paulo"]
[Date "2016.01.10"]
[Round "5"]
[White "Pritsopoulos, Constantino Demetri"]
[Black "Guimaraes, Wagner Peixoto"]
[Result "1-0"]
[WhiteElo "1934"]
[BlackElo "2187"]
[PlyCount "63"]
[EventDate "2016.01.08"]
[EventType "swiss"]
[EventRounds "6"]
[EventCountry "BRA"]
[SourceTitle "CBM 170 Extra"]
[Source "ChessBase"]
[SourceDate "2016.02.25"]
[SourceVersion "1"]
[SourceVersionDate "2016.02.25"]
[SourceQuality "1"]

1. e4 g6 2. d4 Bg7 3. c4 d6 4. Nc3 Nf6 5. f3 0-0 6. Be3 e5 7. d5 Nh5 8. g4 Nf4 9. Nge2 f5 10. gxf5 gxf5 11. Qd2 Qh4+ 12. Bf2 Qh5 13. Nxf4 exf4 14. Be2 Nd7 15. 0-0-0 Ne5 16. Rdg1 fxe4 17. Nxe4 Bf5 18. Rg5 Qh3 19. Bd4 Bg6 20. Nf2 Qh4 21. Rg2 Rae8 22. Qc3 Qh5 23. h4 Qf5 24. Rg5 Qb1+ 25. Kd2 Qxa2 26. h5 Rf5 27. Rgg1 Nxf3+ 28. Bxf3 Re3 29. hxg6 Rxc3 30. gxh7+ Kf8 31. Bxg7+ Ke7 32. Bxc3 1-0